The Bedford introduction to literature : (Record no. 53864)

MARC details
000 -LEADER
fixed length control field 01026cam a2200313 a 4500
001 - CONTROL NUMBER
control field 17336504
003 - CONTROL NUMBER IDENTIFIER
control field OSt
005 - DATE AND TIME OF LATEST TRANSACTION
control field 20181129124907.0
008 - FIXED-LENGTH DATA ELEMENTS--GENERAL INFORMATION
fixed length control field 120607s2013 maua b 001 0 eng d
010 ## - LIBRARY OF CONGRESS CONTROL NUMBER
LC control number 2012941478
020 ## - INTERNATIONAL STANDARD BOOK NUMBER
International Standard Book Number 9781457634826
035 ## - SYSTEM CONTROL NUMBER
System control number (OCoLC)ocn802691601
040 ## - CATALOGING SOURCE
Original cataloging agency YDXCP
Transcribing agency YDXCP
Modifying agency BTCTA
-- OCLCQ
-- IBZ
-- DLC
042 ## - AUTHENTICATION CODE
Authentication code lccopycat
050 00 - LIBRARY OF CONGRESS CALL NUMBER
Classification number PN6014
Item number .M49 2013
100 ## - MAIN ENTRY--PERSONAL NAME
Personal name Meyer, Michael
245 04 - TITLE STATEMENT
Title The Bedford introduction to literature :
Remainder of title reading, thinking, writing /
Statement of responsibility, etc Michael Meyer.
246 30 - VARYING FORM OF TITLE
Title proper/short title Introduction to literature
250 ## - EDITION STATEMENT
Edition statement 10th ed.
260 ## - PUBLICATION, DISTRIBUTION, ETC. (IMPRINT)
Place of publication, distribution, etc Boston :
Name of publisher, distributor, etc Bedford/St. Martin's,
Date of publication, distribution, etc c2013.
300 ## - PHYSICAL DESCRIPTION
Extent lix, 2172 p. :
Other physical details ill. ;
Dimensions 25 cm.
504 ## - BIBLIOGRAPHY, ETC. NOTE
Bibliography, etc Includes bibliographical references and indexes.
650 #0 - SUBJECT ADDED ENTRY--TOPICAL TERM
Topical term or geographic name as entry element Literature
Form subdivision Collections.
650 #0 - SUBJECT ADDED ENTRY--TOPICAL TERM
Topical term or geographic name as entry element College readers.
700 1# - ADDED ENTRY--PERSONAL NAME
Personal name Meyer, Michael,
Dates associated with a name 1945-
Relator term editor.
906 ## - LOCAL DATA ELEMENT F, LDF (RLIN)
a 7
b cbc
c copycat
d 3
e ncip
f 20
g y-gencatlg
942 ## - ADDED ENTRY ELEMENTS (KOHA)
Source of classification or shelving scheme Library of Congress Classification
Koha item type Book
Holdings
Withdrawn status Lost status Source of classification or shelving scheme Damaged status Not for loan Collection code Home library Current library Shelving location Date acquired Source of acquisition Cost, normal purchase price Total Checkouts Full call number Barcode Copy number Price effective from Koha item type
    Library of Congress Classification   Not For Loan Non-fiction Nakuru Campus Nakuru Campus General Circulation 29/11/2018 donation-BFA 2800.00   PN6014 .M49 2013 060774 1 29/11/2018 Book